[Event "Challenge"]
[Site "http://www.queenalice.com/game.php?id=1779889"]
[Date "2022.1.10"]
[Round "-"]
[White "ron_h_roy2003"]
[Black "LordMikaeus"]
[Result "0-1"]
[WhiteElo "1616"]
[BlackElo "1226"]

1. d4 d5 2. e3 e6 3. Nf3 c6 4. Bd3 Nf6 5. Ne5 Qb6 6. a3 Bd6 7. Nxf7 Kxf7 8. Qf3
Qa5+ 9. Bd2 Bb4 10. Bxb4 Qb6 11. O-O a5 12. Bc3 Bd7 13. Nd2 Na6 14. e4 c5 15.
exd5 exd5 16. dxc5 Nxc5 17. Rfe1 Nxd3 18. cxd3 Bc6 19. Qf4 Rhe8 20. Nf3 Re6 21.
Rxe6 Kxe6 22. Re1+ Kf7 23. Ne5+ Kg8 24. h3 Re8 25. Nxc6 Qxc6 26. Qf5 Rxe1+ 27.
Bxe1 Qb5 28. Qc8+ Qe8 29. Qxb7 Qxe1+ 30. Kh2 Qxf2 31. Qc6 Qxb2 32. a4 Qe5+ 33.
Kh1 Qe8 34. Qa6 Qxa4 35. Qe6+ Kh8 36. Kh2 h6 37. Qc8+ Kh7 38. Kg3 Qd1 39. Qf5+
Kh8 40. Kf4 Qf1+ 41. Ke5 Qxf5+ 42. Kxf5 a4 0-1

[Event "Challenge"]
[Site "http://www.queenalice.com/game.php?id=1779890"]
[Date "2022.1.10"]
[Round "-"]
[White "LordMikaeus"]
[Black "ron_h_roy2003"]
[Result "0-1"]
[WhiteElo "1229"]
[BlackElo "1569"]

1. d4 d5 2. e3 e6 3. Nc3 Nc6 4. Nh3 Bd6 5. Qg4 g6 6. Bb5 e5 7. Qg5 Be7 8. Bxc6+
bxc6 9. Qxe5 Nf6 10. e4 O-O 11. Bg5 h6 12. Bxh6 Re8 13. O-O Bxh3 14. gxh3 Qd7
15. h4 Qg4+ 16. Qg3 Qh5 17. Bg5 dxe4 18. Qxc7 Rad8 19. Qxa7 Qg4+ 20. Kh1 Kg7 21.
Bxf6+ Bxf6 22. Qa4 Qxh4 23. Qxc6 Rh8 24. Qc7 e3 25. fxe3 Rde8 26. Rae1 Be5 27.
Qxe5+ Rxe5 28. Re2 Rxe3 29. d5 Qh5 30. Rff2 Rf3 31. d6 Rf5 32. Rxf5 Qxf5 33. a4
Qf1# 0-1

[Event "Challenge"]
[Site "http://www.queenalice.com/game.php?id=1783726"]
[Date "2022.2.28"]
[Round "-"]
[White "sunking09"]
[Black "LordMikaeus"]
[Result "0-1"]
[WhiteElo "1247"]
[BlackElo "1260"]

1. b3 e5 2. e4 Bd6 3. d4 f6 4. d5 Nh6 5. c4 O-O 6. Nf3 Na6 7. Bxh6 gxh6 8. Nh4
c6 9. Nf5 Bb4+ 10. Ke2 b5 11. Nxh6+ Kh8 12. Qd3 bxc4 13. bxc4 cxd5 14. a3 dxe4
15. Qxe4 Rb8 16. Kd1 Bc5 17. Nc3 Bxf2 18. Qd5 Bb7 19. Qd2 Bd4 20. Rg1 Bxg1 21.
Rb1 Bd4 22. Nd5 Bxd5 23. Rb4 Nxb4 24. axb4 Bc6 25. b5 Bxb5 26. cxb5 d5 27. Bd3
e4 28. Bc2 Rxb5 29. Nf5 Be5 30. Qh6 Rf7 31. g3 Qd7 32. Ba4 Rb1+ 33. Kd2 Qxf5 34.
Be8 Qf2# 0-1

[Event "Challenge"]
[Site "http://www.queenalice.com/game.php?id=1785003"]
[Date "2022.3.16"]
[Round "-"]
[White "LordMikaeus"]
[Black "ron_h_roy2003"]
[Result "1-0"]
[WhiteElo "1274"]
[BlackElo "1634"]

1. e4 e5 2. d3 Nc6 3. Be3 h6 4. Nc3 Bb4 5. Qd2 Nf6 6. O-O-O Ng4 7. f3 Nxe3 8.
Qxe3 O-O 9. Be2 Bxc3 10. bxc3 Qe7 11. Kd2 b6 12. Nh3 Qe6 13. c4 Bb7 14. f4 f5
15. Rhf1 Nb4 16. a3 Na6 17. exf5 Qxf5 18. g4 Qe6 19. fxe5 d6 20. exd6 Qxe3+ 21.
Kxe3 cxd6 22. Bf3 Rfe8+ 23. Kd2 Bxf3 24. Rxf3 Nc5 25. Re1 Kh7 26. Rfe3 Rf8 27.
d4 Nd7 28. g5 a6 29. gxh6 gxh6 30. Re7+ Kg8 31. Rxd7 Rf3 32. Ng1 Rxa3 33. Rxd6
b5 34. Rxh6 bxc4 35. Nf3 Rxf3 36. Rhe6 c3+ 37. Kc1 Raf8 38. Rxa6 Rd8 39. Ra7
Rxd4 40. h3 Rf2 41. Re8+ Rf8 42. Rxf8+ Kxf8 43. Rc7 Ke8 44. Rxc3 Kf7 45. Rd3 Ra4
46. Kd2 Kf6 47. c3 Rh4 48. Kc2 Ke5 49. Kb3 Kf5 50. c4 Ke5 51. Kb4 Ke4 52. Rc3
Kd4 53. c5 Kd5+ 54. Kb5 Rh6 55. c6 Rh7 56. Kb6 Rh6 57. Kb7 1-0

[Event "Challenge"]
[Site "http://www.queenalice.com/game.php?id=1786523"]
[Date "2022.4.8"]
[Round "-"]
[White "ron_h_roy2003"]
[Black "LordMikaeus"]
[Result "1-0"]
[WhiteElo "1616"]
[BlackElo "1262"]

1. d4 d5 2. Nf3 e6 3. Nc3 c6 4. e4 Bd6 5. a3 b5 6. b4 Nf6 7. Bd3 dxe4 8. Nxe4
Nxe4 9. Bxe4 O-O 10. O-O Na6 11. Ng5 f6 12. Bxh7+ Kh8 13. Qh5 Qe8 14. Bg6+ Kg8
15. Qh7# 1-0

[Event "Challenge"]
[Site "http://www.queenalice.com/game.php?id=1788166"]
[Date "2022.5.3"]
[Round "-"]
[White "ron_h_roy2003"]
[Black "LordMikaeus"]
[Result "1-0"]
[WhiteElo "1611"]
[BlackElo "1276"]

1. d4 d5 2. Nc3 e6 3. e4 Bb4 4. Bb5+ c6 5. Bd3 Qa5 6. Bd2 Nf6 7. Nf3 dxe4 8.
Bxe4 Nxe4 9. Nxe4 Bxd2+ 10. Nfxd2 O-O 11. O-O e5 12. Nc4 Qa6 13. Nxe5 Be6 14.
Ng3 Nd7 15. Nxd7 Bxd7 16. Qf3 b6 17. a3 Rad8 18. Rad1 g6 19. h4 c5 20. d5 Bb5
21. Rfe1 Rfe8 22. h5 Rxe1+ 23. Rxe1 Qa5 24. Re7 Qe1+ 25. Rxe1 1-0

[Event "Challenge"]
[Site "http://www.queenalice.com/game.php?id=1793033"]
[Date "2022.7.23"]
[Round "-"]
[White "ron_h_roy2003"]
[Black "LordMikaeus"]
[Result "0-1"]
[WhiteElo "1614"]
[BlackElo "1305"]

1. d4 e6 2. Nf3 d6 3. Nc3 Nf6 4. b4 Bd7 5. Ba3 Be7 6. e4 O-O 7. Qd3 Bc6 8. O-O-O
Nbd7 9. b5 Ng4 10. Qd2 Bxe4 11. Nxe4 d5 12. Nc3 Bxa3+ 13. Kb1 Bb4 14. a3 Bxc3
15. Qxc3 Nxf2 16. Bd3 Nxh1 17. Rxh1 Nb6 18. Qd2 Nc4 19. Bxc4 dxc4 20. Qc3 Qd5
21. a4 a6 22. Kb2 axb5 23. a5 b6 24. Ra1 bxa5 25. Rxa5 Rxa5 26. Qxa5 c5 27. c3
b4 28. h4 bxc3+ 29. Kxc3 cxd4+ 0-1

[Event "Challenge"]
[Site "http://www.queenalice.com/game.php?id=1793970"]
[Date "2022.8.9"]
[Round "-"]
[White "LordMikaeus"]
[Black "ron_h_roy2003"]
[Result "0-1"]
[WhiteElo "1333"]
[BlackElo "1575"]

1. e4 e5 2. Nf3 d6 3. d3 Be6 4. Nc3 Nf6 5. Bg5 h6 6. Bxf6 Qxf6 7. Be2 Nc6 8. Nb5
Qe7 9. Nh4 a6 10. Nf5 Bxf5 11. exf5 axb5 12. d4 Nxd4 13. c3 Nxf5 14. Bxb5+ c6
15. Bd3 Qe6 16. O-O Be7 17. Bxf5 Qxf5 18. f3 O-O 19. a3 e4 20. fxe4 Qxe4 21. b4
d5 22. Re1 Qh4 23. Qd3 Bd6 24. g3 Qg5 25. a4 Rfe8 26. Rxe8+ Rxe8 27. a5 c5 28.
a6 bxa6 29. Rxa6 Qc1+ 30. Kg2 c4 31. Qf5 Bxg3 32. hxg3 Re2+ 33. Kh3 Qh1+ 34. Kg4
Re4+ 0-1

[Event "Challenge"]
[Site "http://www.queenalice.com/game.php?id=1793974"]
[Date "2022.8.9"]
[Round "-"]
[White "LordMikaeus"]
[Black "Leanne"]
[Result "1-0"]
[WhiteElo "1287"]
[BlackElo "1325"]

1. d4 d5 2. g3 Nf6 3. f4 e6 4. Nc3 Ne4 5. Nxe4 dxe4 6. Bg2 Nc6 7. c3 b6 8. Bxe4
Bb7 9. Nf3 Qe7 10. O-O O-O-O 11. Qa4 Na5 12. Bxb7+ Nxb7 13. Qxa7 c5 14. Qxb6 Qd6
15. Qxd6 Bxd6 16. Be3 cxd4 17. Bxd4 f6 18. e4 Bc5 19. Bxc5 Nxc5 20. Rfd1 Rxd1+
21. Rxd1 g5 22. fxg5 Nxe4 23. gxf6 Nxf6 24. b4 Nd5 25. Rc1 1-0

[Event "Challenge"]
[Site "http://www.queenalice.com/game.php?id=1793975"]
[Date "2022.8.9"]
[Round "-"]
[White "Leanne"]
[Black "LordMikaeus"]
[Result "1-0"]
[WhiteElo "1273"]
[BlackElo "1304"]

1. f4 d5 2. Nf3 Qd6 3. e3 Bg4 4. Be2 Nh6 5. Nc3 e6 6. d4 Qb4 7. O-O Bd6 8. Qe1
O-O 9. a3 Qb6 10. Ng5 Bxe2 11. Qxe2 Nd7 12. e4 Qxd4+ 13. Be3 Qf6 14. exd5 exd5
15. Qd3 c6 16. Qxh7# 1-0

[Event "Challenge"]
[Site "http://www.queenalice.com/game.php?id=1796977"]
[Date "2022.9.27"]
[Round "-"]
[White "ron_h_roy2003"]
[Black "LordMikaeus"]
[Result "1-0"]
[WhiteElo "1561"]
[BlackElo "1327"]

1. d4 e6 2. Nf3 Nf6 3. Nc3 Bb4 4. Bd2 O-O 5. g3 d5 6. e3 Bxc3 7. Bxc3 Ne4 8. Qe2
Nxc3 9. bxc3 Nc6 10. Bg2 Qd6 11. O-O Qa3 12. c4 Nb4 13. cxd5 Nxd5 14. Qc4 Qc3
15. Qxc3 Nxc3 16. Rfe1 Bd7 17. Bh3 b6 18. Ne5 Bb5 19. Bf1 Bxf1 20. Kxf1 c5 21.
a4 f6 22. Nd3 cxd4 23. exd4 Nd5 24. Kg1 Rac8 25. Nf4 Nxf4 26. gxf4 Rxc2 27. Rxe6
Rd2 28. Rd6 g5 29. Rc1 gxf4 30. f3 Ra2 31. Rc7 Rxa4 32. Rdd7 Ra1+ 33. Kg2 b5 34.
Rg7+ 1-0

[Event "Challenge"]
[Site "http://www.queenalice.com/game.php?id=1797683"]
[Date "2022.10.8"]
[Round "-"]
[White "Antonella"]
[Black "LordMikaeus"]
[Result "1-0"]
[WhiteElo "1381"]
[BlackElo "1305"]

1. c3 d5 2. h3 e6 3. e4 c6 4. f3 Nf6 5. Bd3 dxe4 6. Bxe4 Qb6 7. a4 a5 8. Na3 Bc5
9. d4 Bxa3 10. Rxa3 Nxe4 11. fxe4 O-O 12. Nf3 Na6 13. e5 f6 14. O-O fxe5 15.
Nxe5 Qc7 16. Rxf8+ Kxf8 17. Qf3+ Kg8 18. c4 c5 19. Bh6 gxh6 20. Qf6 Qg7 21. Qh4
cxd4 22. Qd8+ Qf8 23. Qxa5 Qb4 24. Qd8+ Kg7 25. Qxd4 Qc5 26. Rg3+ Kf8 27. Rf3+
Ke7 28. Rf7+ Ke8 29. Rf8+ Qxf8 30. Qe4 Qf5 31. Qe2 Bd7 32. b3 Qb1+ 33. Kh2 Qxb3
34. Qe4 Qc3 35. Nxd7 Kxd7 36. Qxb7+ Kd6 37. Qxa8 Qxc4 38. Qf8+ Kd5 39. Qa8+ Ke5
40. Qh8+ Kd5 41. Qxh7 Qxa4 42. Qxh6 Qc4 43. Qh5+ Kd6 44. Qd1+ Ke7 45. g4 Qf4+
46. Kg2 Qe4+ 47. Kg3 Nc5 48. Qc1 Qd3+ 49. Kh4 Ne4 50. g5 Qg3+ 51. Kh5 Qxg5+ 52.
Qxg5+ Nxg5 53. Kxg5 e5 54. Kf5 Kd6 55. h4 Kd5 56. h5 e4 57. h6 e3 58. h7 e2 59.
h8=Q e1=Q 60. Qa8+ Kd4 61. Qd8+ Kc3 62. Qa5+ 1-0

[Event "Challenge"]
[Site "http://www.queenalice.com/game.php?id=1801128"]
[Date "2022.12.2"]
[Round "-"]
[White "LordMikaeus"]
[Black "dejami"]
[Result "0-1"]
[WhiteElo "1320"]
[BlackElo "1653"]

1. d4 e6 2. e3 c6 3. Nf3 f6 4. Bd3 d5 5. O-O Nh6 6. Nc3 Bd6 7. e4 dxe4 8. Bxe4
Nf7 9. Be3 f5 10. Bd3 h6 11. h3 g5 12. h4 g4 13. Ne1 Qxh4 14. g3 Qh5 15. Ng2 Ng5
16. Bxg5 hxg5 17. f3 Qh2+ 18. Kf2 Bxg3+ 19. Ke2 Qxg2+ 20. Ke3 Bf4# 0-1

[Event "Challenge"]
[Site "http://www.queenalice.com/game.php?id=1801129"]
[Date "2022.12.2"]
[Round "-"]
[White "dejami"]
[Black "LordMikaeus"]
[Result "1-0"]
[WhiteElo "1653"]
[BlackElo "1312"]

1. e4 e6 2. d3 Qf6 3. Nf3 Nh6 4. Bg5 Qxb2 5. Nbd2 Ng4 6. Be2 Qb6 7. O-O Bd6 8.
Nc4 Bxh2+ 9. Nxh2 Nxh2 10. Kxh2 Qb5 11. Bf4 c6 12. Rb1 Qa6 13. Ra1 O-O 14. Be3
d5 15. Ne5 Bd7 16. d4 Qb6 17. Rb1 Qc7 18. g3 b5 19. Kg2 dxe4 20. Rh1 Na6 21. Bf1
c5 22. Bf4 cxd4 23. Nc4 Qc5 24. Ne5 f6 25. Nxd7 Qc6 26. Nxf8 Rxf8 27. Bxb5 Qc8
28. Bxa6 Qxa6 29. Qh5 Qxa2 30. Qxh7+ Kf7 31. Qh5+ g6 32. Rb7+ Ke8 33. Qb5+ Kd8
34. Qd7# 1-0

[Event "Challenge"]
[Site "http://www.queenalice.com/game.php?id=1816937"]
[Date "2023.7.22"]
[Round "-"]
[White "LordMikaeus"]
[Black "dejami"]
[Result "0-1"]
[WhiteElo "1283"]
[BlackElo "1695"]

1. e4 e5 2. f3 Nc6 3. d3 h6 4. Nc3 Bc5 5. Nh3 d6 6. Be2 Qh4+ 7. Kf1 Bxh3 8. gxh3
Qxh3+ 9. Ke1 Qg2 10. Kd2 Qf2 11. Nd5 O-O-O 12. c4 Bb4+ 13. Nc3 Nd4 14. a3 Bc5
15. b4 Bb6 16. Qf1 Qh4 17. Bd1 a5 18. bxa5 Ba7 19. Nb5 Nxb5 20. cxb5 Bd4 21. Rb1
Ne7 22. b6 cxb6 23. axb6 Ng6 24. Bb2 Bxb6 25. Rc1+ Kb8 26. Be2 Qf4+ 0-1

[Event "Challenge"]
[Site "http://www.queenalice.com/game.php?id=1817866"]
[Date "2023.8.2"]
[Round "-"]
[White "LordMikaeus"]
[Black "dejami"]
[Result "0-1"]
[WhiteElo "1285"]
[BlackElo "1723"]

1. e3 e5 2. b3 Nh6 3. Nh3 f6 4. Nc3 c6 5. Bb2 Na6 6. Bxa6 bxa6 7. O-O d5 8. Qh5+
g6 9. Qe2 Bg4 10. Qxa6 Bd7 11. f4 Be7 12. fxe5 fxe5 13. e4 Bc8 14. Qxc6+ Bd7 15.
Qxd5 Rc8 16. Qxe5 Nf7 17. Ng5 Nxe5 18. Nd5 Bxg5 19. Bxe5 Rf8 20. Rxf8+ Kxf8 0-1

[Event "Challenge"]
[Site "http://www.queenalice.com/game.php?id=1817868"]
[Date "2023.8.2"]
[Round "-"]
[White "dejami"]
[Black "LordMikaeus"]
[Result "1-0"]
[WhiteElo "1697"]
[BlackElo "1281"]

1. e4 f6 2. Qf3 c6 3. Bc4 Nh6 4. d4 Qb6 5. c3 d6 6. h3 e5 7. Bxh6 Qxb2 8. Qh5+
g6 9. Qd1 Qxa1 10. Bxf8 Rxf8 11. Qc2 exd4 12. Kd2 d5 13. exd5 cxd5 14. Bxd5
dxc3+ 15. Nxc3 Na6 16. g4 Nb4 17. Qa4+ Bd7 18. Qxb4 Rc8 19. Nge2 Qxh1 20. Bxh1
b6 21. Qe4+ Kf7 22. Qd5+ Be6 23. Qb7+ Kg8 24. Bd5 Bxd5 25. Nxd5 Rcd8 26. Ke1 1-0